Geometry turned on! : dynamic software in learning, teaching, and research /

Guardado en:
Otros Autores: King, James R. 1943- (Editor ), Schattschneider, Doris. (Editor ), Hofstadter, Douglas R., 1945-
Formato: Libro
Idioma:English
Publicado: [Washington, D.C.] : Mathematical Association of America, c1997.
Series:MAA notes ; no. 41.
Materias:
Acceso en línea:Publisher description
Table of contents
Sitio web del libro
Etiquetas: Agregar Etiqueta
Sin Etiquetas, Sea el primero en etiquetar este registro!
LEADER 01241cam a2200289 a 4500
001 MAT.inmabb003584
008 970211s1997####dcua#####b####000#0#eng#d
005 20160404170202.0
245 0 0 |a Geometry turned on! :  |b dynamic software in learning, teaching, and research /  |c James R. King, Doris Schattschneider, editors. 
260 |a [Washington, D.C.] :  |b Mathematical Association of America,  |c c1997. 
300 |a xiv, 206 p. :  |b il. ;  |c 28 cm. 
490 1 |a MAA notes ;  |v 41 
504 |a Incluye referencias bibliográficas. 
020 |a 0883850990 (pbk.) 
700 1 |a King, James R.  |q (James Richard),  |d 1943-  |4 edt 
700 1 |a Schattschneider, Doris.  |4 edt 
700 1 2 |a Hofstadter, Douglas R.,  |d 1945- 
830 0 |a MAA notes ;  |v no. 41. 
630 0 7 |a Geometer's Sketchpad. 
650 0 |a Geometry  |x Computer-assisted instruction. 
084 |a 51-04 (97U70)  |2 msc2000 
010 |a  97070509  
040 |a TCollSM  |c TCollSM  |d DLC 
856 4 2 |3 Publisher description  |u http://www.loc.gov/catdir/description/cam029/97070509.html 
856 4 1 |3 Table of contents  |u http://www.loc.gov/catdir/toc/cam027/97070509.html 
856 4 2 |u http://mathforum.org/dynamic/geometry%5Fturned%5Fon/  |y Sitio web del libro 
859 |h 51  |i G345  |p A-7692  |b BIB. MATEMATICA